El cuerpo hablado: psicoanálisis de la expresión corporal
Uloženo v:
| Hlavní autor: | |
|---|---|
| Médium: | Kniha |
| Jazyk: | španělština |
| Vydáno: |
Barcelona
Paidós
1992
|
| Edice: | Técnicas y Lenguaje Corporales, 10
|
| Témata: | |
| Tagy: |
Přidat tag
Žádné tagy, Buďte první, kdo vytvoří štítek k tomuto záznamu!
|
MARC
| LEADER | 00000nam a2200000 a 4500 | ||
|---|---|---|---|
| 001 | UCW7422 | ||
| 003 | CL-VaPUC | ||
| 008 | 921211e19920000SP |||||||||||||||||spa|d | ||
| 082 | 0 | 4 | |a 153.69 |b LED |2 21 |
| 100 | |a Le Du, Jean |e author |9 399954 | ||
| 245 | 1 | 3 | |a El cuerpo hablado: psicoanálisis de la expresión corporal |
| 300 | |a 127 p | ||
| 942 | |c BK | ||
| 945 | |d 19921211 00:00:00 | ||
| 260 | |a Barcelona |b Paidós |c 1992 | ||
| 650 | 0 | |a Expresión corporal |9 308898 | |
| 583 | |a last modification |c 19921211 00:00:00 |k Rodrigo Vera | ||
| 490 | 0 | |a Técnicas y Lenguaje Corporales, 10 | |
| 999 | |c 220179 |d 220177 | ||
| 952 | |0 0 |1 0 |4 0 |6 153_690000000000000_LED_1992 |7 0 |8 A |9 212082 |a BIBEDU |b BIBEDU |d 2019-11-15 |i 2803240 |l 2 |o 153.69 LED 1992 |p 2803240 |r 2022-10-25 |s 2022-10-11 |w 2019-11-15 |y BK |k EDU | ||